00173nam a22000857a 4500082001300000100001400013245003800027260001400065300000800079 a006.6AMM aAmmeraal  acomputer graphics for the IBM PC  aN.Yc1987 a141